| 000 | 00804nam a22002297a 4500 | ||
|---|---|---|---|
| 999 |
_c65610 _d65610 |
||
| 005 | 20240530110834.0 | ||
| 008 | 190910s2007 ua f b 000 0 ara d | ||
| 017 |
_a1992/9847 _bمصر. دار الكتب |
||
| 020 | _a9770132063 | ||
| 040 |
_aEG-CaGPL _cEG-CaGPL |
||
| 082 | 0 | 4 |
_221 _a070.962048 _bق /رص |
| 100 | 0 | _aرمزى ميخائيل | |
| 245 | 1 | 2 |
_aالصحافة المصرية و ثورة 1919 / _cرمزى ميخائيل |
| 250 | _aط.1 | ||
| 260 |
_aالقاهرة : _bالهيئة المصرية العامة للكتاب، _c2007 |
||
| 300 |
_a595 ص . : _bايض. ؛ _c24 سم |
||
| 650 | 0 | 7 |
_2qrmak _aالصحافة المصرية |
| 651 | 0 | 7 |
_2qrmak _aمصر _xالصحافة |
| 653 | _aالصحافة وثورة 1919 | ||
| 942 |
_2ddc _cBK |
||